<?xml version="1.0" encoding="UTF-8"?><?xml-stylesheet type="text/xsl" href="static/style.xsl"?><OAI-PMH xmlns="http://www.openarchives.org/OAI/2.0/" xmlns:xsi="http://www.w3.org/2001/XMLSchema-instance" xsi:schemaLocation="http://www.openarchives.org/OAI/2.0/ http://www.openarchives.org/OAI/2.0/OAI-PMH.xsd"><responseDate>2026-06-06T19:16:17Z</responseDate><request verb="GetRecord" identifier="oai:riuma.uma.es:10630/45697" metadataPrefix="marc">https://riuma.uma.es/rest/oai/request</request><GetRecord><record><header><identifier>oai:riuma.uma.es:10630/45697</identifier><datestamp>2026-02-25T00:47:53Z</datestamp><setSpec>com_10630_2254</setSpec><setSpec>col_10630_37953</setSpec></header><metadata><record xmlns="http://www.loc.gov/MARC21/slim" xmlns:dcterms="http://purl.org/dc/terms/" xmlns:doc="http://www.lyncode.com/xoai" xmlns:xsi="http://www.w3.org/2001/XMLSchema-instance" xsi:schemaLocation="http://www.loc.gov/MARC21/slim http://www.loc.gov/standards/marcxml/schema/MARC21slim.xsd">
   <leader>00925njm 22002777a 4500</leader>
   <datafield ind2=" " ind1=" " tag="042">
      <subfield code="a">dc</subfield>
   </datafield>
   <datafield ind2=" " ind1=" " tag="720">
      <subfield code="a">Schönbach, Dorothea M. I.</subfield>
      <subfield code="e">author</subfield>
   </datafield>
   <datafield ind2=" " ind1=" " tag="720">
      <subfield code="a">Marques, Adilson</subfield>
      <subfield code="e">author</subfield>
   </datafield>
   <datafield ind2=" " ind1=" " tag="720">
      <subfield code="a">Peralta, Miguel</subfield>
      <subfield code="e">author</subfield>
   </datafield>
   <datafield ind2=" " ind1=" " tag="720">
      <subfield code="a">Kleszczewska, Dorota</subfield>
      <subfield code="e">author</subfield>
   </datafield>
   <datafield ind2=" " ind1=" " tag="720">
      <subfield code="a">Dzielska, Anna</subfield>
      <subfield code="e">author</subfield>
   </datafield>
   <datafield ind2=" " ind1=" " tag="720">
      <subfield code="a">Burgueño Menjibar, Rafael</subfield>
      <subfield code="e">author</subfield>
   </datafield>
   <datafield ind2=" " ind1=" " tag="720">
      <subfield code="a">Huertas-Delgado, Francisco Javier</subfield>
      <subfield code="e">author</subfield>
   </datafield>
   <datafield ind2=" " ind1=" " tag="720">
      <subfield code="a">Demetriou, Yolanda</subfield>
      <subfield code="e">author</subfield>
   </datafield>
   <datafield ind2=" " ind1=" " tag="260">
      <subfield code="c">2026</subfield>
   </datafield>
   <datafield ind2=" " ind1=" " tag="520">
      <subfield code="a">The prevalence of total physical activity among children and adolescents in Germany is reported to be low (D-) according to the country-specific Report Card from 2022. One potential strategy to increase physical activity is the promotion of cycling to and from school. To foster a more self-determined form of motivation among students, we developed a promising intervention grounded in the self-determination theory, as demonstrated in previous research. Here, we aimed to validate the “German behavioral regulation in cycling to and from school scale” focusing on construct and criterion validity as well as reliability to create a robust measurement instrument. Conducted in Southern Germany in 2021, this study involved 112 girls, 124 boys, and three students identifying as diverse (13.5 ± 1.1 years) who attended a (sub)urban secondary school that provided an intermediate and/or high educational level. We were unable to validate the original first-order six-factor model. Instead, we successfully validated a newly developed first-order three-factor model, which demonstrated a good global model fit (GFI: 0.997, SRMR: 0.0313), measurement model invariance across gender (GFI: 0.986–0.994, SRMR: 0.0426–0.0596), and internal consistency (α: 0.846–0.927). For this new scale, both convergent (AVE: 0.582–0.762) and discriminant validity (R&lt;√AVE) were established. Concurrent criterion validity was found acceptable by the correlation between the mean value for each of the three newly developed factors and the frequency of cycling to school (R = 0.616) as well as the increased likelihood of cycling to school based on mean levels of autonomous (p &lt; 0.001; OR = 2.5 [CI 95 for OR: 1.9, 3.3]) and controlled (p &lt; 0.001; OR = 1.7 [CI 95 for OR: 1.3, 2.4]) motivation. Consequently, we concluded that our study provides a valid and reliable scale measuring behavioral regulation in cycling to and from school, by applying a first-order three-factor model. Furthermore, researchers and practitioners, such as (physical education) teachers, could use this scale to assess the motivation for cycling to and from school in order to implement and evaluate contextual and tailored interventions.</subfield>
   </datafield>
   <datafield ind1="8" ind2=" " tag="024">
      <subfield code="a">Schönbach DMI, Marques A, Peralta M, Kleszczewska D, Dzielska A, Burgueño R, Huertas-Delgado FJ and Demetriou Y (2026) Validation of the behavioral regulation in cycling to and from school scale among students from Germany. Front. Sports Act. Living 8:1701435. doi: 10.3389/fspor.2026.1701435</subfield>
   </datafield>
   <datafield ind1="8" ind2=" " tag="024">
      <subfield code="a">https://hdl.handle.net/10630/45697</subfield>
   </datafield>
   <datafield ind1="8" ind2=" " tag="024">
      <subfield code="a">10.3389/fspor.2026.1701435</subfield>
   </datafield>
   <datafield tag="653" ind2=" " ind1=" ">
      <subfield code="a">Vías ciclistas - Alemania</subfield>
   </datafield>
   <datafield tag="653" ind2=" " ind1=" ">
      <subfield code="a">Ejercicio físico para niños</subfield>
   </datafield>
   <datafield tag="653" ind2=" " ind1=" ">
      <subfield code="a">Promoción de la salud</subfield>
   </datafield>
   <datafield ind2="0" ind1="0" tag="245">
      <subfield code="a">Validation of the behavioral regulation in cycling to and from school scale among students from Germany</subfield>
   </datafield>
</record>
</metadata></record></GetRecord></OAI-PMH>